000 00623nam a22002177a 4500
003 UA-OsUOA
001 96633
007 ta
008 20130320b un ||||| |||| 00| 0 ukr d
090 _a821.172
_bЛ64
942 _cBK
040 _aUA-OsUOA
_brus
_cUA-OsUOA
_dUA-OsUOA
245 _aЛитовские поэты ХХ века
_cсост. В. Галинис
300 _a589 с.
955 _a3
041 _arus
080 _a821.172
260 _aЛенинград
_bСоветский писатель
_c1971
650 7 _a82 Література. Літературознавство
_2UDC
999 _c382890
_d382890